Rozpoznaj anime po bohaterze - Statystyki

Ogólne statystyki
  • Ten quiz został rozwiązany 726 razy
  • Średni wynik to 9 z 15
Statystyki odpowiedzi
Hint Odpowiedź % Poprawnych
Levi Ackermann Attack on Titan
94%
Monkey D. Luffy One Piece
91%
Zenitsu Demon Slayer
84%
Saitama One Punch Man
84%
Vegeta Dragon Ball
83%
All Might Boku no Hero Academia
82%
Killua Hunter x Hunter
78%
Kirito Sword Art Online
65%
Asta Black Clover
64%
Nobara Kugisaki Jujutsu Kaisen
57%
Rize Tokyo Ghoul
42%
Marin Kitagawa My Dress-up Darling
40%
Shoko Komi Komi Can't Communicate
32%
Kisaki Tetta Tokyo Revengers
32%
Decim Death Parade
20%
Nie znaleziono quizów pasujących do podanych kryteriów
Rozkład punktacji
Procent ludzi z każdym wynikiem
Percentyl według liczby udzielonych odpowiedzi
Twoja historia wyników
Nie rozwiązałeś tego quizu